[Event "33.Schlosspark-Open"]
[Site "Wiesbaden-Biebrich"]
[Date "2024.08.23"]
[Round "3.1"]
[White "Carow, Johannes"]
[Black "Weber, Nikita"]
[Result "1-0"]
[WhiteElo "2465"]
[BlackElo "2078"]
[PlyCount "79"]
[EventDate "2024.08.22"]
[WhiteTeam "Sfr.Heidesheim"]
[BlackTeam "Vorw.Orient Mainz"]

1. c4 Nf6 2. Nc3 e6 3. Nf3 d5 4. e3 Be7 5. b3 c6 6. Bb2 Nbd7 7. Qc2 a6 8. d4 b5 9. c5 Qc7 10. h3 Bb7 11. Bd3 h6 12. O-O O-O-O 13. b4 g5 14. a4 g4 15. hxg4 h5 16. g5 Ng4 17. axb5 axb5 18. Bxb5 Bxg5 19. Ba6 Bxe3 20. fxe3 Nxe3 21. Qf2 Bxa6 22. Rxa6 Nxf1 23. Kxf1 Qb7 24. b5 cxb5 25. Ra5 Qc7 26. Rxb5 h4 27. Ng5 Rh5 28. Bc1 Rg8 29. Bf4 Qa7 30. c6 Nb6 31. Qb2 e5 32. Rxb6 exf4 33. Nxf7 h3 34. gxh3 Rxh3 35. Nd6+ Kd8 36. Rb8+ Ke7 37. Rxg8 Qa6+ 38. Kg2 Rxc3 39. Qxc3 Qe2+ 40. Kg1 1-0

[Event "33.Schlosspark-Open"]
[Site "Wiesbaden-Biebrich"]
[Date "2024.08.23"]
[Round "3.2"]
[White "Heindrich, Mark"]
[Black "Milov, Leonid"]
[Result "0-1"]
[WhiteElo "2058"]
[BlackElo "2429"]
[PlyCount "66"]
[EventDate "2024.08.22"]
[WhiteTeam "SAbt TuS Dotzheim"]
[BlackTeam "SC Noris-Tarrasch Nürnberg 1873"]

1. e4 c5 2. c3 d5 3. exd5 Qxd5 4. Nf3 Nf6 5. Na3 Nc6 6. Bc4 Qd8 7. O-O e6 8. Re1 a6 9. Nc2 b5 10. Bf1 Bb7 11. d4 Be7 12. Qe2 O-O 13. Bd2 cxd4 14. Ncxd4 Nxd4 15. Nxd4 Qd5 16. a3 Rac8 17. Rad1 Qc5 18. Be3 Qc7 19. Bg5 Rfe8 20. Bh4 Qb6 21. Bg5 h6 22. Bf4 Rcd8 23. Qc2 Bc5 24. Nb3 Bd6 25. Bxd6 Rxd6 26. Rxd6 Qxd6 27. Rd1 Qc7 28. Qd2 Bd5 29. Nc1 Ng4 30. f4 e5 31. Re1 Qb6+ 32. Kh1 Nf2+ 33. Kg1 Nh3+ 0-1

[Event "33.Schlosspark-Open"]
[Site "Wiesbaden-Biebrich"]
[Date "2024.08.23"]
[Round "3.3"]
[White "Haack, Kevin"]
[Black "Reitz, Philipp"]
[Result "1-0"]
[WhiteElo "2306"]
[BlackElo "2039"]
[PlyCount "63"]
[EventDate "2024.08.22"]
[WhiteTeam "SV 1920 Hofheim"]
[BlackTeam "VfR-SC Koblenz"]

1. d4 c6 2. c4 d5 3. Nf3 Nf6 4. g3 Bf5 5. Nc3 dxc4 6. a4 Nbd7 7. Bg2 e6 8. O-O Bb4 9. Nd2 Nb6 10. a5 Nbd5 11. Na2 Bxa5 12. Nxc4 O-O 13. f3 Ne7 14. e4 Bg6 15. Nc3 Bc7 16. b4 b5 17. Na5 Bb6 18. Be3 e5 19. Ne2 Qc7 20. Qc1 Rfd8 21. dxe5 Qxe5 22. Bxb6 axb6 23. Nxc6 Nxc6 24. Rxa8 Rxa8 25. Qxc6 Ra2 26. Rd1 h6 27. Rd8+ Kh7 28. Qc8 Bh5 29. Rh8+ Kg6 30. Nf4+ Kg5 31. Qf5+ Qxf5 32. h4# 1-0

[Event "33.Schlosspark-Open"]
[Site "Wiesbaden-Biebrich"]
[Date "2024.08.23"]
[Round "3.4"]
[White "Sydykov, Bayastan"]
[Black "Derr, Oleg"]
[Result "1-0"]
[WhiteElo "2282"]
[BlackElo "1943"]
[PlyCount "109"]
[EventDate "2024.08.22"]
[WhiteTeam "SK 1858 Gießen"]
[BlackTeam "VSG 1880 Offenbach"]

1. e4 c5 2. Nf3 Nc6 3. d4 cxd4 4. Nxd4 Nf6 5. Nc3 e6 6. Ndb5 Bc5 7. Nd6+ Ke7 8. Bf4 e5 9. Nf5+ Kf8 10. Bg5 d6 11. Ne3 h6 12. Bxf6 Qxf6 13. Bc4 Be6 14. Ncd5 Qd8 15. c3 Rc8 16. a4 g6 17. Qd3 a5 18. Rb1 Ne7 19. O-O Bxd5 20. Bxd5 Nxd5 21. Qxd5 Qc7 22. Nc4 Ke7 23. Kh1 g5 24. Rbd1 Rhd8 25. g3 Bb6 26. b3 Qc6 27. f4 f6 28. f5 Qxd5 29. Rxd5 Rxc4 30. bxc4 Bc5 31. Rb1 b6 32. g4 Rc8 33. Kg2 Kf7 34. Kf3 Kg7 35. Rd3 Rh8 36. Kg2 h5 37. h4 hxg4 38. hxg5 fxg5 39. Rh1 Rh4 40. Rg3 Bf2 41. Rxh4 Bxg3 42. Kxg3 gxh4+ 43. Kxh4 g3 44. Kxg3 Kf7 45. Kg4 Kf6 46. Kh5 Kf7 47. Kg5 d5 48. exd5 Ke7 49. f6+ Kf7 50. Kf5 e4 51. d6 e3 52. d7 e2 53. d8=Q e1=Q 54. Qd7+ Kg8 55. Qg7# 1-0

[Event "33.Schlosspark-Open"]
[Site "Wiesbaden-Biebrich"]
[Date "2024.08.23"]
[Round "3.5"]
[White "Lenz, Joshua"]
[Black "Baranyai-Molnar, Adam-Kristof"]
[Result "0-1"]
[WhiteElo "2038"]
[BlackElo "2133"]
[PlyCount "80"]
[EventDate "2024.08.22"]
[WhiteTeam "TSV Schott Mainz"]
[BlackTeam "SF Neuberg"]

1. e4 c5 2. d4 cxd4 3. c3 Nf6 4. e5 Nd5 5. Qxd4 e6 6. Bd3 Nc6 7. Qe4 Qc7 8. Nf3 f5 9. Qe2 Ncb4 10. O-O Nxd3 11. Qxd3 b6 12. Re1 Be7 13. Nbd2 O-O 14. Nb3 a5 15. Nbd4 Ba6 16. Qd1 Rac8 17. a4 Qb7 18. h4 h6 19. h5 Qc7 20. Nh2 Qd8 21. g4 fxg4 22. Qxg4 Bg5 23. Re4 Bd3 24. Bxg5 hxg5 25. Nxe6 dxe6 26. Qxe6+ Kh8 27. Rd4 Bc4 28. h6 Qe7 29. hxg7+ Kxg7 30. Qg4 Qf7 31. f3 Ne7 32. Rad1 Bb3 33. R1d2 Qf5 34. Qg3 Ng6 35. Rd7+ Rf7 36. Rxf7+ Bxf7 37. Ng4 Rh8 38. Kg2 Nf4+ 39. Kf2 Rh3 40. Ne3 Qxe5 0-1

[Event "33.Schlosspark-Open"]
[Site "Wiesbaden-Biebrich"]
[Date "2024.08.23"]
[Round "3.6"]
[White "Nagel, Bernhard"]
[Black "Henrich, David"]
[Result "1/2-1/2"]
[WhiteElo "2193"]
[BlackElo "2035"]
[PlyCount "46"]
[EventDate "2024.08.22"]
[WhiteTeam "Kölner SK Dr. Lasker 186"]
[BlackTeam "SK 1980 Gernsheim"]

1. Nf3 Nf6 2. g3 g6 3. b3 Bg7 4. Bb2 O-O 5. Bg2 d6 6. d4 Nbd7 7. O-O c5 8. c4 cxd4 9. Nxd4 a6 10. Nc3 Rb8 11. Qd2 Nc5 12. b4 Ne6 13. Nd5 Nxd4 14. Nxf6+ Bxf6 15. Bxd4 Bxd4 16. Qxd4 Be6 17. Rac1 b5 18. Bd5 Qd7 19. Rc3 bxc4 20. Bxe6 Qxe6 21. Qxc4 d5 22. Qd4 Qxe2 23. a3 e6 1/2-1/2

[Event "33.Schlosspark-Open"]
[Site "Wiesbaden-Biebrich"]
[Date "2024.08.23"]
[Round "3.7"]
[White "Nicolai, Tim"]
[Black "Nesar, Abdul Musawer"]
[Result "0-1"]
[WhiteElo "2019"]
[BlackElo "2192"]
[PlyCount "88"]
[EventDate "2024.08.22"]
[WhiteTeam "SV Empor Erfurt"]
[BlackTeam "Sfr Stiller Zug Wiesbaden"]

1. e4 c5 2. Nc3 d6 3. d4 cxd4 4. Qxd4 Nc6 5. Qd2 Nf6 6. b3 e6 7. Bb2 Be7 8. O-O-O a6 9. Kb1 b5 10. f3 Bb7 11. g4 h6 12. Bg2 Qc7 13. Nge2 O-O-O 14. Nd4 d5 15. Nxc6 Bxc6 16. e5 Nd7 17. Rhe1 Bb7 18. f4 Kb8 19. f5 Rc8 20. Ne2 Bg5 21. Qd3 Nxe5 22. Qg3 Nc6 23. Bxg7 Rhg8 24. Bb2 exf5 25. Bxd5 f4 26. Qg2 Rge8 27. Nd4 Nxd4 28. Bxb7 Nxc2 29. Rxe8 Rxe8 30. Qc6 Qxc6 31. Bxc6 Re2 32. Bf3 Re3 33. Bd5 Nb4 34. Bxf7 Re2 35. a3 f3 36. axb4 f2 37. Bc3 Bd2 38. Bxd2 Rxd2 39. Rf1 Re2 40. Rxf2 Rxf2 41. Be6 Rxh2 42. Bf5 Rf2 43. Bc2 Kc7 44. Kb2 Rg2 0-1

[Event "33.Schlosspark-Open"]
[Site "Wiesbaden-Biebrich"]
[Date "2024.08.23"]
[Round "3.8"]
[White "Wolf, Ulrich Martin"]
[Black "Eveleens, Wim"]
[Result "1/2-1/2"]
[WhiteElo "2189"]
[BlackElo "1999"]
[PlyCount "52"]
[EventDate "2024.08.22"]
[WhiteTeam "SK Bad Homburg 1927"]
[BlackTeam "SV Amstel"]

1. d4 e6 2. c4 f5 3. g3 Nf6 4. Bg2 d5 5. Nf3 c6 6. O-O Bd6 7. b3 Qe7 8. Bb2 O-O 9. Nbd2 b6 10. Ne5 Bb7 11. Nd3 Nbd7 12. Rc1 Rac8 13. Nf3 Rfd8 14. Nfe5 c5 15. Nxd7 Rxd7 16. cxd5 exd5 17. Qd2 Ne4 18. Qe3 c4 19. Ne5 Rdc7 20. Bh3 g6 21. f3 c3 22. Ba1 Ng5 23. Bg2 c2 24. Bb2 Bxe5 25. dxe5 Ne6 26. Qd3 Qc5+ 1/2-1/2

[Event "33.Schlosspark-Open"]
[Site "Wiesbaden-Biebrich"]
[Date "2024.08.23"]
[Round "3.9"]
[White "Waffenschmidt, Joachim"]
[Black "Kersten, Uwe"]
[Result "1-0"]
[WhiteElo "2008"]
[BlackElo "2179"]
[PlyCount "81"]
[EventDate "2024.08.22"]
[WhiteTeam "SV 1920 Hofheim"]
[BlackTeam "Sfr. Bad Emstal/Wolfhagen"]

1. d4 Nf6 2. c4 c5 3. d5 g6 4. Nc3 d6 5. e4 Bg7 6. Bd3 O-O 7. Nf3 e6 8. O-O Na6 9. Re1 Nc7 10. a4 e5 11. a5 Nfe8 12. b4 cxb4 13. Na2 Na6 14. Bd2 b3 15. Qxb3 Nc5 16. Qc2 f5 17. Nc3 Nf6 18. Bg5 h6 19. Bxf6 Rxf6 20. Nd2 f4 21. Nb3 f3 22. Nxc5 dxc5 23. g3 h5 24. Bf1 h4 25. Kh1 Bf8 26. Qd2 Rf7 27. Ra3 Bg4 28. Nd1 Qd7 29. Kg1 Bd6 30. Qg5 Raf8 31. Ne3 Bh5 32. Nf5 hxg3 33. Nh6+ Kg7 34. Nxf7 gxh2+ 35. Kxh2 Rxf7 36. Bh3 Qe8 37. Rg1 Qh8 38. Rg3 Rf4 39. Kg1 Rxe4 40. Raxf3 Re1+ 41. Bf1 1-0

[Event "33.Schlosspark-Open"]
[Site "Wiesbaden-Biebrich"]
[Date "2024.08.23"]
[Round "3.10"]
[White "von Auer, Ulrich"]
[Black "Eull, Emil"]
[Result "0-1"]
[WhiteElo "1996"]
[BlackElo "2151"]
[PlyCount "60"]
[EventDate "2024.08.22"]
[WhiteTeam "SV Oberursel"]
[BlackTeam "SF Neuberg"]

1. d4 d5 2. c4 e6 3. Nf3 Nf6 4. g3 dxc4 5. Bg2 a6 6. O-O Nc6 7. e3 Bd7 8. Qe2 Bd6 9. Qxc4 O-O 10. Nc3 b5 11. Qe2 e5 12. dxe5 Nxe5 13. Nxe5 Bxe5 14. Rd1 Rb8 15. e4 Qe7 16. Bg5 c6 17. Rac1 Rfd8 18. h3 h6 19. Be3 Be6 20. Qc2 Rxd1+ 21. Rxd1 b4 22. f4 b3 23. Qd2 Bxc3 24. Qxc3 bxa2 25. Bc5 Qb7 26. Ba3 Qb3 27. Qxb3 Bxb3 28. Rc1 Rd8 29. Bf3 Nxe4 30. Bb4 Nd2 0-1

[Event "33.Schlosspark-Open"]
[Site "Wiesbaden-Biebrich"]
[Date "2024.08.23"]
[Round "3.11"]
[White "Müller, Maximilian"]
[Black "Burkart, Lloyd Shang"]
[Result "1/2-1/2"]
[WhiteElo "1957"]
[BlackElo "2123"]
[PlyCount "34"]
[EventDate "2024.08.22"]
[WhiteTeam "SC 1928 Eppelborn"]
[BlackTeam "SV 1920 Hofheim"]

1. e4 c5 2. Nf3 e6 3. b3 a6 4. Bb2 Nc6 5. d4 cxd4 6. Nxd4 Qf6 7. c3 Bc5 8. Qd2 Nge7 9. Nf3 Ne5 10. Nxe5 Qxe5 11. Qe2 b5 12. g3 Bb7 13. Bg2 O-O 14. O-O d5 15. c4 Bd4 16. Bxd4 Qxd4 17. Nd2 bxc4 1/2-1/2

[Event "33.Schlosspark-Open"]
[Site "Wiesbaden-Biebrich"]
[Date "2024.08.23"]
[Round "3.12"]
[White "Fleckenstein, Lukas"]
[Black "Metzdorf, Matteo"]
[Result "1/2-1/2"]
[WhiteElo "1968"]
[BlackElo "2098"]
[PlyCount "61"]
[EventDate "2024.08.22"]
[WhiteTeam "SK Niederbrechen 1948"]
[BlackTeam "TSV Schott Mainz"]

1. e4 c5 2. Nc3 Nc6 3. g3 g6 4. Bg2 Bg7 5. d3 d6 6. Be3 Nd4 7. Qd2 Qa5 8. h3 Rb8 9. Nf3 b5 10. Bxd4 cxd4 11. Ne2 Qb6 12. O-O e6 13. Rfb1 Bd7 14. c3 dxc3 15. bxc3 Qc7 16. d4 Nf6 17. e5 Nd5 18. exd6 Qxd6 19. Ng5 Nf6 20. Rb3 O-O 21. Nf3 Bc6 22. Ne5 Bxg2 23. Kxg2 Qd5+ 24. Kh2 Ne4 25. Qe3 Bxe5 26. dxe5 Nd2 27. Nf4 Nf3+ 28. Kg2 Nh4+ 29. Kh2 Nf3+ 30. Kg2 Nh4+ 31. Kh2 1/2-1/2

[Event "33.Schlosspark-Open"]
[Site "Wiesbaden-Biebrich"]
[Date "2024.08.23"]
[Round "3.13"]
[White "Schubert, Wolfgang"]
[Black "Musiienko, Tymur"]
[Result "0-1"]
[WhiteElo "1894"]
[BlackElo "2093"]
[PlyCount "70"]
[EventDate "2024.08.22"]
[WhiteTeam "Hannover"]
[BlackTeam "Wiesbadener SV 1885"]

1. e4 e5 2. Nf3 Nc6 3. Bc4 Nf6 4. d4 exd4 5. O-O Nxe4 6. Re1 d5 7. Bxd5 Qxd5 8. Nc3 Qh5 9. Nxe4 Be6 10. Bg5 Bd6 11. Nxd6+ cxd6 12. Bf4 Qd5 13. c3 Rc8 14. Nxd4 Nxd4 15. cxd4 Rc4 16. Be3 O-O 17. b3 Rc6 18. Rc1 Rxc1 19. Qxc1 a5 20. Qd2 Ra8 21. Qb2 a4 22. bxa4 Rxa4 23. a3 Bd7 24. Qb6 Ra8 25. Bf4 Bc6 26. f3 g5 27. Bc1 g4 28. Rf1 Re8 29. Qb2 Bb5 30. Rd1 Re2 31. Qc3 Bc6 32. Rf1 Qa2 33. Bf4 Rxg2+ 34. Kh1 gxf3 35. d5 Rxh2+ 0-1

[Event "33.Schlosspark-Open"]
[Site "Wiesbaden-Biebrich"]
[Date "2024.08.23"]
[Round "3.14"]
[White "Regis, Georg"]
[Black "Khenkin, Igor"]
[Result "0-1"]
[WhiteElo "2079"]
[BlackElo "2505"]
[PlyCount "62"]
[EventDate "2024.08.22"]
[WhiteTeam "Vorw.Orient Mainz"]
[BlackTeam "Wiesbadener SV 1885"]

1. b3 d5 2. Nf3 Bg4 3. Bb2 Bxf3 4. exf3 e6 5. f4 Nd7 6. g3 Ngf6 7. Bg2 g6 8. d3 Bg7 9. Nd2 c6 10. O-O O-O 11. Nf3 Ng4 12. Bxg7 Kxg7 13. h3 Ngf6 14. Qe2 Qa5 15. c4 Rfd8 16. Qb2 Qb6 17. Rad1 a5 18. Ne5 d4 19. Nf3 Nc5 20. Rd2 a4 21. Rb1 axb3 22. axb3 Qb4 23. Bf1 Qc3 24. Qxc3 dxc3 25. Rc2 Nxd3 26. Rxc3 Nxf2 27. Rc2 N2e4 28. Kh2 Nh5 29. Rg2 Ra3 30. Ng5 Nd2 31. Rd1 Nf3+ 0-1

[Event "33.Schlosspark-Open"]
[Site "Wiesbaden-Biebrich"]
[Date "2024.08.23"]
[Round "3.15"]
[White "Hoffmann, Christian"]
[Black "Dietze, Frank"]
[Result "0-1"]
[WhiteElo "1879"]
[BlackElo "2090"]
[PlyCount "70"]
[EventDate "2024.08.22"]
[WhiteTeam "SAbt BKA Wiesbaden"]
[BlackTeam "Wiesbadener SV 1885"]

1. e4 c5 2. g3 Nc6 3. Bg2 g6 4. Nc3 Bg7 5. Nge2 e6 6. O-O Nge7 7. d3 O-O 8. f4 d5 9. e5 h5 10. h3 f6 11. exf6 Bxf6 12. g4 hxg4 13. hxg4 Kg7 14. Nb1 e5 15. Ng3 exf4 16. Bxf4 Bxb2 17. Nd2 Bd4+ 18. Kh2 Ne5 19. Bxe5+ Bxe5 20. Rb1 Nf5 21. gxf5 Qh4+ 22. Kg1 Bd4+ 23. Rf2 Qxg3 24. Qe2 Bxf2+ 25. Qxf2 Qxf2+ 26. Kxf2 Rxf5+ 27. Kg1 Rb8 28. c4 dxc4 29. dxc4 b6 30. Bd5 Kf8 31. Ne4 Kg7 32. Nxc5 Rg5+ 33. Kf2 Bf5 34. Ne6+ Bxe6 35. Bxe6 Rf8+ 0-1

[Event "33.Schlosspark-Open"]
[Site "Wiesbaden-Biebrich"]
[Date "2024.08.23"]
[Round "3.16"]
[White "Lesny, Florian"]
[Black "Neurohr, Jürgen"]
[Result "1-0"]
[WhiteElo "2227"]
[BlackElo "1999"]
[PlyCount "81"]
[EventDate "2024.08.22"]
[WhiteTeam "SK Bad Homburg 1927"]
[BlackTeam "Sfr.Mainz 1928"]

1. e4 e6 2. d4 d5 3. e5 c5 4. c3 Nc6 5. Nf3 Qb6 6. a3 c4 7. Nbd2 Na5 8. g3 Bd7 9. h4 Ne7 10. Bh3 Nec6 11. O-O Be7 12. Rb1 h6 13. h5 O-O-O 14. Nh2 Rdg8 15. f4 g6 16. hxg6 Rxg6 17. g4 f5 18. exf6 Rxf6 19. Kh1 Bd6 20. Ndf3 Bxf4 21. Bxf4 Rxf4 22. Nh4 Rhf8 23. Rxf4 Rxf4 24. Qd2 Rf6 25. Re1 Qd8 26. N4f3 Qf8 27. Qe3 b6 28. g5 hxg5 29. Nxg5 Nb7 30. Nh7 Qh6 31. Nxf6 Qxf6 32. Bxe6 Bxe6 33. Qxe6+ Qxe6 34. Rxe6 Kd7 35. Rh6 b5 36. Ng4 a5 37. Rh7+ Ne7 38. Ne5+ Kd6 39. Ng6 Nxg6 40. Rxb7 Kc6 41. Rf7 1-0

[Event "33.Schlosspark-Open"]
[Site "Wiesbaden-Biebrich"]
[Date "2024.08.23"]
[Round "3.17"]
[White "Froitzheim, Ralf"]
[Black "Minor, Samuel"]
[Result "0-1"]
[WhiteElo "1891"]
[BlackElo "2204"]
[PlyCount "74"]
[EventDate "2024.08.22"]
[WhiteTeam "SG Niederkassel"]
[BlackTeam "Wiesbadener SV 1885"]

1. c4 f5 2. g3 Nf6 3. Bg2 g6 4. Nc3 Bg7 5. d3 O-O 6. Rb1 e5 7. Bg5 h6 8. Bxf6 Qxf6 9. e3 c6 10. Nge2 g5 11. f4 exf4 12. exf4 gxf4 13. Nxf4 Re8+ 14. Kf1 Na6 15. Qd2 d6 16. Bf3 Nc7 17. Kg2 Bd7 18. Rhe1 Re5 19. Nh5 Qg5 20. Qxg5 hxg5 21. Nxg7 Kxg7 22. d4 Ree8 23. Bh5 Rxe1 24. Rxe1 Kf6 25. Bd1 Ne6 26. d5 Nd4 27. h3 Re8 28. Rxe8 Bxe8 29. b3 Ke5 30. Kf2 f4 31. h4 fxg3+ 32. Kxg3 gxh4+ 33. Kxh4 Kf4 34. b4 Bd7 35. c5 dxc5 36. bxc5 Nf5+ 37. Kh5 Be8# 0-1

[Event "33.Schlosspark-Open"]
[Site "Wiesbaden-Biebrich"]
[Date "2024.08.23"]
[Round "3.18"]
[White "Meier, Volker"]
[Black "Marschner, Thomas"]
[Result "1-0"]
[WhiteElo "2197"]
[BlackElo "1986"]
[PlyCount "97"]
[EventDate "2024.08.22"]
[WhiteTeam "SK Tarrasch 1945 München"]
[BlackTeam "SVG Eppstein 1932"]

1. d4 Nf6 2. c4 g6 3. Nc3 Bg7 4. e4 d6 5. f3 O-O 6. Be3 c5 7. Nge2 cxd4 8. Nxd4 Nc6 9. Qd2 Nxd4 10. Bxd4 Be6 11. Be2 Nd7 12. Bxg7 Kxg7 13. O-O a5 14. Kh1 Nc5 15. f4 f6 16. b3 Bd7 17. Bf3 Bc6 18. Qe3 Qc7 19. Rad1 b6 20. e5 dxe5 21. fxe5 Bxf3 22. exf6+ Rxf6 23. Rxf3 Rxf3 24. Qxf3 Rf8 25. Qe3 e6 26. Kg1 Rd8 27. Rf1 Rf8 28. Rxf8 Kxf8 29. Qd4 Kg8 30. Nb5 Qe7 31. Qe5 Qh4 32. Nd4 Qg4 33. h3 Qd1+ 34. Kh2 Qa1 35. Qf6 Qc3 36. h4 Qb2 37. Qd8+ Kg7 38. Qe7+ Kg8 39. Nf3 Qc1 40. Qf6 Qf1 41. Qd8+ Kg7 42. Qxb6 Qf2 43. Qxa5 Qe3 44. Qc7+ Kf6 45. Qd8+ Kg7 46. Qe7+ Kg8 47. Qg5 Qf2 48. Qe5 h6 49. b4 1-0

[Event "33.Schlosspark-Open"]
[Site "Wiesbaden-Biebrich"]
[Date "2024.08.23"]
[Round "3.19"]
[White "Kregelin, Jan"]
[Black "Calvi, Stefan"]
[Result "1-0"]
[WhiteElo "2122"]
[BlackElo "1973"]
[PlyCount "67"]
[EventDate "2024.08.22"]
[WhiteTeam "FVS ASP Hoyerswerda"]
[BlackTeam "SV Oberursel"]

1. d4 Nf6 2. c4 e6 3. Nc3 Bb4 4. Qc2 d5 5. a3 Bxc3+ 6. Qxc3 O-O 7. Bg5 Nbd7 8. e3 h6 9. Bh4 Re8 10. Nf3 c6 11. Be2 Qc7 12. O-O Ne4 13. Qc2 g5 14. Bg3 Nxg3 15. hxg3 b6 16. cxd5 exd5 17. Rac1 Bb7 18. Qf5 Qd6 19. Bd3 Nf8 20. Ne5 Qe6 21. Qf3 Kg7 22. Bf5 Qf6 23. g4 c5 24. Rc3 Ne6 25. Bxe6 Qxe6 26. Qf5 c4 27. Qb1 Rg8 28. f4 Raf8 29. f5 Qd6 30. f6+ Kh8 31. Qf5 Qe6 32. Qxe6 fxe6 33. f7 Rg7 34. Rf6 1-0

[Event "33.Schlosspark-Open"]
[Site "Wiesbaden-Biebrich"]
[Date "2024.08.23"]
[Round "3.20"]
[White "Tremöhlen, Thomas"]
[Black "Perske, Paul"]
[Result "0-1"]
[WhiteElo "1958"]
[BlackElo "2110"]
[PlyCount "44"]
[EventDate "2024.08.22"]
[WhiteTeam "Sportgemeinschaft Kaarst 1912/35"]
[BlackTeam "Sfr.Heidesheim"]

1. Nf3 Nf6 2. d4 g6 3. Nc3 d5 4. Bf4 Bg7 5. e3 O-O 6. h4 Bg4 7. Be2 c5 8. Ne5 Bxe2 9. Qxe2 Nc6 10. O-O-O cxd4 11. exd4 Rc8 12. h5 Qa5 13. hxg6 Nb4 14. gxf7+ Rxf7 15. Rd3 Ne4 16. Nxf7 Rxc3 17. bxc3 Nxa2+ 18. Kb2 Naxc3 19. Rxc3 Qxc3+ 20. Ka2 Qa5+ 21. Kb3 Qc3+ 22. Ka2 Qxd4 0-1

[Event "33.Schlosspark-Open"]
[Site "Wiesbaden-Biebrich"]
[Date "2024.08.23"]
[Round "3.21"]
[White "Pohle, Dirk"]
[Black "Rutsatz, Mario"]
[Result "1-0"]
[WhiteElo "2108"]
[BlackElo "1957"]
[PlyCount "107"]
[EventDate "2024.08.22"]
[WhiteTeam "Langenfelder SF 1933"]
[BlackTeam "SC 1961 König Nied"]

1. e4 e6 2. Nc3 c5 3. f4 d5 4. Nf3 Nc6 5. Bb5 dxe4 6. Bxc6+ bxc6 7. Nxe4 Nf6 8. Qe2 Nxe4 9. Qxe4 Qd5 10. d3 Be7 11. O-O O-O 12. Re1 Rb8 13. b3 Rb4 14. c4 Qxe4 15. dxe4 f6 16. Rd1 Rd8 17. Rxd8+ Bxd8 18. Ba3 Rb7 19. Bxc5 Rd7 20. Kf2 Bc7 21. Be3 Bb6 22. Ke2 Bb7 23. Bxb6 axb6 24. Ke3 c5 25. Re1 Kf7 26. g3 h6 27. Re2 Ke7 28. Rd2 Rxd2 29. Nxd2 Kd6 30. Nb1 Bc6 31. Nc3 Be8 32. a3 g6 33. Ne2 g5 34. e5+ fxe5 35. fxg5 hxg5 36. Nc3 Ke7 37. Ne4 g4 38. b4 cxb4 39. axb4 Bg6 40. Nc3 Bc2 41. Ne4 Bb3 42. Kd3 Bd1 43. Nf2 Bf3 44. Ke3 Kf6 45. h3 Kg5 46. Nxg4 Bg2 47. Nf2 Bf1 48. c5 bxc5 49. bxc5 Bb5 50. Ke4 Kf6 51. Ng4+ Ke7 52. Nxe5 Bf1 53. h4 Bg2+ 54. Kf4 1-0

[Event "33.Schlosspark-Open"]
[Site "Wiesbaden-Biebrich"]
[Date "2024.08.23"]
[Round "3.23"]
[White "Reschke, Thomas"]
[Black "Stephanblome, Felix"]
[Result "1/2-1/2"]
[WhiteElo "2086"]
[BlackElo "1925"]
[PlyCount "30"]
[EventDate "2024.08.22"]
[WhiteTeam "SC Frankfurt-West"]
[BlackTeam "SV 1934 Ffm-Griesheim"]

1. c4 e6 2. Nf3 d5 3. b3 Nf6 4. g3 Be7 5. Bb2 O-O 6. Bg2 b6 7. O-O Bb7 8. e3 Nbd7 9. Nc3 c5 10. Qe2 Rc8 11. Rac1 dxc4 12. bxc4 Bxf3 13. Bxf3 Ne5 14. Bg2 Qd3 15. Qxd3 Nxd3 1/2-1/2

[Event "33.Schlosspark-Open"]
[Site "Wiesbaden-Biebrich"]
[Date "2024.08.23"]
[Round "3.25"]
[White "Mann, Gergely"]
[Black "Bischoff, Ulrich"]
[Result "1/2-1/2"]
[WhiteElo "2062"]
[BlackElo "1919"]
[PlyCount "154"]
[EventDate "2024.08.22"]
[WhiteTeam "SF Essen-Werden 1924/"]
[BlackTeam "SF Eltville"]

1. d4 d5 2. c4 e6 3. Nf3 Nf6 4. Nc3 dxc4 5. e4 Bb4 6. Bxc4 Nxe4 7. O-O Nf6 8. Qa4+ Nc6 9. Ne5 Be7 10. Nxc6 bxc6 11. Qxc6+ Bd7 12. Qf3 O-O 13. Bf4 Rb8 14. Rfd1 Qc8 15. Rac1 Rb6 16. d5 exd5 17. Nxd5 Nxd5 18. Qxd5 Be6 19. Qa5 Bxc4 20. Rxc4 Rd8 21. Re1 Rd7 22. Rce4 Bf8 23. Qc3 Qa8 24. h3 c5 25. Re8 Rd8 26. R8e3 Rg6 27. Rg3 Rxg3 28. Qxg3 Qd5 29. a3 c4 30. Kh2 h5 31. Re5 Qd3 32. Rxh5 Qxg3+ 33. Kxg3 Rd3+ 34. f3 c3 35. bxc3 Bxa3 36. c4 Rc3 37. Ra5 Bb4 38. Rxa7 Rxc4 39. Rd7 Bc3 40. Rd8+ Kh7 41. Re8 Kg6 42. Bb8 Ba5 43. Re7 Bd8 44. Re4 Bc7+ 45. Bxc7 Rxc7 46. Kf4 Rc2 47. g3 Kf6 48. Rb4 g5+ 49. Ke4 Re2+ 50. Kd5 Rh2 51. h4 gxh4 52. gxh4 Kf5 53. Kd6 Rh3 54. Ke7 Kg6 55. Rg4+ Kf5 56. Kxf7 Rxf3 57. Rg5+ Kf4 58. Kg6 Ra3 59. Kh6 Rh3 60. h5 Ra3 61. Rg7 Kf5 62. Rg6 Rh3 63. Rb6 Rh1 64. Rb8 Kf6 65. Rf8+ Ke7 66. Rf2 Rh3 67. Kg6 Rg3+ 68. Kh7 Rh3 69. Kh6 Rh1 70. Rf5 Ke6 71. Rf2 Ke7 72. Kg6 Rg1+ 73. Kh7 Rh1 74. Rf5 Ke6 75. Kg6 Rg1+ 76. Rg5 Rxg5+ 77. Kxg5 Kf7 1/2-1/2

[Event "33.Schlosspark-Open"]
[Site "Wiesbaden-Biebrich"]
[Date "2024.08.23"]
[Round "3.26"]
[White "Surányi, Pál"]
[Black "Musiienko, Platon"]
[Result "1-0"]
[WhiteElo "2019"]
[BlackElo "1913"]
[PlyCount "109"]
[EventDate "2024.08.22"]
[WhiteTeam "SV 03/25 Koblenz"]
[BlackTeam "Wiesbadener SV 1885"]

1. d4 d5 2. c4 e6 3. Nc3 Nf6 4. cxd5 exd5 5. Bg5 Be7 6. e3 c6 7. Bd3 Nbd7 8. Nge2 h6 9. Bh4 Nh5 10. Bxe7 Qxe7 11. Qc2 Nb6 12. O-O-O Bd7 13. Kb1 O-O-O 14. Nc1 Kb8 15. Rhe1 Nf6 16. f3 c5 17. dxc5 Qxc5 18. Nb3 Qe7 19. g3 Rhe8 20. Rc1 Rc8 21. Nd4 Qe5 22. b3 a6 23. Qf2 Qd6 24. Qb2 Re5 25. Re2 Rce8 26. Nd1 g6 27. Rd2 Rc8 28. Rxc8+ Bxc8 29. Rc2 Re7 30. Bxa6 bxa6 31. Rc6 Qb4 32. Rxf6 Bb7 33. Rc6 Ka7 34. Rc1 a5 35. Qc3 Qxc3 36. Rxc3 Nd7 37. Kc1 Kb6 38. Kd2 Re5 39. Nb2 Rh5 40. Na4+ Ka7 41. h4 Kb8 42. Nc5 Ne5 43. Nxb7 Kxb7 44. Rc5 Kb6 45. Rb5+ Ka6 46. a4 g5 47. hxg5 hxg5 48. Rxd5 g4 49. Rd6+ Kb7 50. fxg4 Rh2+ 51. Kc3 Nxg4 52. Nf5 Re2 53. Rd7+ Kb6 54. Rxf7 Nxe3 55. Kd3 1-0

[Event "33.Schlosspark-Open"]
[Site "Wiesbaden-Biebrich"]
[Date "2024.08.23"]
[Round "3.27"]
[White "Pioch, Thomas"]
[Black "Sreeramulu, Aarush"]
[Result "1/2-1/2"]
[WhiteElo "2016"]
[BlackElo "1905"]
[PlyCount "81"]
[EventDate "2024.08.22"]
[WhiteTeam "SC Flörsheim 1921"]
[BlackTeam "SK Marburg 1931/72"]

1. Nf3 d5 2. g3 Nf6 3. Bg2 Bf5 4. d3 e6 5. Nbd2 Bc5 6. O-O O-O 7. c4 c6 8. Qb3 Qb6 9. Rb1 Nbd7 10. Qxb6 Bxb6 11. b4 a6 12. Re1 e5 13. e4 dxe4 14. dxe4 Bg6 15. c5 Bc7 16. Nh4 Rfe8 17. Nc4 Rad8 18. Bb2 a5 19. a3 axb4 20. axb4 b6 21. cxb6 Nxb6 22. Na5 Re6 23. Nxg6 hxg6 24. Bh3 Ree8 25. Nxc6 Rd2 26. b5 Na4 27. Bc1 Rc2 28. Be3 Nc3 29. Rb3 Ncxe4 30. Rc1 Rxc1+ 31. Bxc1 Bb6 32. Be3 Nd5 33. Bxb6 Nxb6 34. Bg2 Nd2 35. Rd3 Ndc4 36. Bf1 Re6 37. Rd8+ Kh7 38. Rb8 Rd6 39. Bxc4 Nxc4 40. Nd8 Rd7 41. Kg2 1/2-1/2

[Event "33.Schlosspark-Open"]
[Site "Wiesbaden-Biebrich"]
[Date "2024.08.23"]
[Round "3.28"]
[White "Hagner, Bennet"]
[Black "Jansen, Malte"]
[Result "1-0"]
[WhiteElo "2311"]
[BlackElo "1842"]
[PlyCount "51"]
[EventDate "2024.08.22"]
[WhiteTeam "OSG Baden-Baden"]
[BlackTeam "SJ Herborn 1998"]

1. c4 c5 2. Nf3 Nc6 3. Nc3 g6 4. e3 Bg7 5. d4 cxd4 6. exd4 d6 7. d5 Ne5 8. Nxe5 Bxe5 9. Be2 Bg7 10. Be3 Nf6 11. O-O O-O 12. Rc1 Bd7 13. b4 Rc8 14. c5 a5 15. a3 Ne8 16. Bf3 e6 17. dxe6 Bxe6 18. Bxb7 Rb8 19. c6 Qe7 20. bxa5 Rxb7 21. cxb7 Qxb7 22. Qa4 Nc7 23. Qb4 Qa6 24. Qb6 Rc8 25. Nd5 Qxb6 26. Nxb6 1-0